00448nam a2200121Ia 4500008004100000020002200041100002800063245009800091260004900189300002500238650003000263650003300293200908s9999 xx 000 0 und d a978-971-98-0935-7 aMcnamara, Daniel Joseph cDaniel Joseph McNamara, Vida Mia Valverde, Ramon Beleno IIIaScience, technology and society/ aQuezon City:bC and E Publishing, Inc.c2018 ax, 139 pagesc22 cm. aScience -- social aspects aTechnology -- social aspects